UBT Library

WINNING THE FUTURE THROUGH EDUCATION (Record no. 59640)

000 -LEADER
fixed length control field 00347nam a22001457a 4500
008 - FIXED-LENGTH DATA ELEMENTS--GENERAL INFORMATION
fixed length control field 230428b ||||| |||| 00| 0 eng d
020 ## - INTERNATIONAL STANDARD BOOK NUMBER
International Standard Book Number 9781891438004
041 ## - LANGUAGE CODE
Language code of text/sound track or separate title eng
080 ## - UNIVERSAL DECIMAL CLASSIFICATION NUMBER
Edition identifier FIRST EDITION
Universal Decimal Classification number 038
082 ## - DEWEY DECIMAL CLASSIFICATION NUMBER
Classification number 038BET
100 ## - Rafti
Rafti 40
101 ## - Shkurtesa
Shkurtesa FJALOR
245 ## - TITLE STATEMENT
Title WINNING THE FUTURE THROUGH EDUCATION
Statement of responsibility, etc BETANCES.S
942 ## - ADDED ENTRY ELEMENTS (KOHA)
Source of classification or shelving scheme
Item type Books
Holdings
Withdrawn status Lost status Source of classification or shelving scheme Damaged status Not for loan Collection code Permanent location Current location Date acquired Total Checkouts Full call number Barcode Date last seen Price effective from Koha item type
          Koleksioni i përgjithshem UBT - Lipjan UBT - Lipjan 04/28/2023   038BET 002-80008047 04/28/2023 04/28/2023 Books
          Koleksioni i përgjithshem UBT - Lipjan UBT - Lipjan 04/28/2023   038BET 002-80008048 04/28/2023 04/28/2023 Books
          Koleksioni i përgjithshem UBT - Lipjan UBT - Lipjan 04/28/2023   038BET 002-80008049 04/28/2023 04/28/2023 Books
          Koleksioni i përgjithshem UBT - Lipjan UBT - Lipjan 04/28/2023   038BET 002-80008050 04/28/2023 04/28/2023 Books
          Koleksioni i përgjithshem UBT - Lipjan UBT - Lipjan 04/28/2023   038BET 002-80008051 04/28/2023 04/28/2023 Books
UBT Library © 2015-2024. All rights reserved University Education for Business and Technology